| 000 | 00927cam a2200289 a 4500 | ||
|---|---|---|---|
| 001 | 1499296 | ||
| 003 | OSt | ||
| 005 | 20140310182207.0 | ||
| 008 | 880701s1987 enk 000 0 eng | ||
| 010 | _a 88156954 | ||
| 020 | _a0333968719 | ||
| 040 |
_aDLC _cDLC _dDLC |
||
| 043 | _ae-uk--- | ||
| 050 | 0 | 0 |
_aPR 33 _b.M365 2002 |
| 082 | 0 | 0 |
_aHS 820.7 _bM35 2002 |
| 100 | 1 |
_aMarsh, Nicholas, _d1948- _916551 |
|
| 245 | 1 | 0 |
_aHow to begin studying English literature / _cNicholas Marsh. |
| 260 |
_aNew York : _bPakgrave, _cc2002 |
||
| 300 |
_a150 p. : _c22 cm. |
||
| 440 | 0 |
_aHow to study literature _916552 |
|
| 500 | _aIncludes index. | ||
| 650 | 0 |
_aEnglish literature _xExaminations _xStudy guides. _916553 |
|
| 906 |
_a7 _bcbc _corignew _d3 _encip _f19 _gy-gencatlg |
||
| 942 |
_2lcc _cHS |
||
| 999 |
_c10365 _d10365 |
||